000 00704nam a2200229 u 4500
005 20240831063805.0
008 150522s2010 es r 000 0 spa d
020 _a9788496870314
035 _aUPN01000203698
049 _aI
050 4 _aPZ76.3
_bS4.33
100 1 _aSeoane Pascual, Marina,
_d1957-
_936601
245 1 1 _a¡Feliz cumpleaños! /
_ctexto e il. Marina Seoane Pascual.
260 _aSevilla, Esp. :
_bEdimáter,
_c2010.
300 _a43 p. :
_bil. col.
440 3 _aEl hada y el duende ;
_v1.
_pA partir de 7 años
650 0 _aAnimales
_vCuentos y leyendas
_9234
650 4 _aCuentos infantiles españoles
_97725
905 _aInfantil
999 _c175799
_d175799